000 00393 a2200157 4500
003 Nust
005 20240122124638.0
040 _cNust
082 _a423,CHA
245 _aChambers 21st Century Dictionary /
250 _bEdited by Mairi Robinson
260 _aLondon
_bChambers
_c1996
300 _a1654p.
650 _aChambers 21 centuary dictionary
_9120013
942 _2ddc
_cBK
_k423,CHA
999 _c184427
_d184427